| 000 | 00748nam a22001937a 4500 | ||
|---|---|---|---|
| 003 | BD-DhUL | ||
| 005 | 20160829195627.0 | ||
| 008 | 160829s1993 b ||||| |||| 00| 0 eng d | ||
| 020 | _a9844650232 | ||
| 040 |
_cBD-DhUL _dBD-DhUL |
||
| 082 |
_a920.05492 _bKHJ |
||
| 100 | _aখান, এস. আই. এম. নূরুন্নবী | ||
| 245 | 1 | 0 |
_aজীবেনর যুদ্ধ : _cএস. আই. এম. নূরুন্নবী খান _bযুদ্ধের জীবন / |
| 260 |
_aঢাকা : _bসাহিত্য প্রকাশ, _c১৯৯৩. |
||
| 300 |
_a ১৮১ পৃ. : _b২২ সে.মি. _cচিত্র ; |
||
| 650 | _aস্মৃতিচার | ||
| 650 | _aSmrticara | ||
| 942 |
_2ddc _cBK |
||
| 999 |
_c102647 _d102647 |
||